[Event "Hastings Masters op 98th"]
[Site "Hastings"]
[Date "2025.01.02"]
[Round "8"]
[White "Ruane, Brendan J"]
[Black "Wilson, Matthew R"]
[Result "1-0"]
[WhiteElo "1869"]
[BlackElo "1766"]
[PlyCount "95"]
[EventDate "2024.12.28"]
[EventType "swiss"]
[EventRounds "9"]
[EventCountry "ENG"]
[SourceTitle "CB02_2025"]
[SourceDate "2025.01.08"]
[SourceVersion "1"]
[SourceVersionDate "2025.01.08"]
[SourceQuality "1"]

1. Nc3 d5 2. e4 d4 3. Nce2 e5 4. Ng3 Be6 5. Nf3 f6 6. Be2 Nc6 7. Nh4 Qd7 8. h3 0-0-0 9. Bg4 d3 10. Bxe6 Qxe6 11. cxd3 Bc5 12. 0-0 Nb4 13. a3 Nxd3 14. b4 Bd4 15. Rb1 g6 16. Nf3 Bb6 17. Bb2 h5 18. Nh4 Ne7 19. Bc3 Nf4 20. Kh2 g5 21. Nhf5 Nxf5 22. Nxf5 Qc4 23. Qc2 Nd3 24. f3 Nf4 25. Rbe1 c6 26. a4 Nd3 27. Rb1 g4 28. Qb3 Qxb3 29. Rxb3 gxh3 30. Kxh3 Nf4+ 31. Kh2 Kb8 32. a5 Bc7 33. b5 cxb5 34. Rxb5 Rdg8 35. g3 Ne6 36. Rfb1 b6 37. axb6 Bxb6 38. d4 Rc8 39. R5b3 Nxd4 40. Nxd4 exd4 41. Bxd4 Rc6 42. Bxb6 axb6 43. Rxb6+ Kc7 44. Rb7+ Kd6 45. Rd1+ Ke6 46. Rdd7 Rc2+ 47. Kh3 Rc1 48. Re7+ 1-0

[Event "Hastings Masters op 98th"]
[Site "Hastings"]
[Date "2024.12.31"]
[Round "6"]
[White "Ruane, Brendan J"]
[Black "Muir, Andrew Joseph"]
[Result "1/2-1/2"]
[WhiteElo "1869"]
[BlackElo "2214"]
[PlyCount "116"]
[EventDate "2024.12.28"]
[EventType "swiss"]
[EventRounds "9"]
[EventCountry "ENG"]
[SourceTitle "CB02_2025"]
[SourceDate "2025.01.08"]
[SourceVersion "1"]
[SourceVersionDate "2025.01.08"]
[SourceQuality "1"]

1. Nc3 c5 2. Nf3 d5 3. e4 e6 4. Bb5+ Nc6 5. 0-0 a6 6. Bxc6+ bxc6 7. e5 c4 8. b3 cxb3 9. axb3 Nh6 10. Na4 c5 11. Ba3 Qc7 12. d4 cxd4 13. Bxf8 Kxf8 14. Qxd4 Nf5 15. Qc5+ Qe7 16. Qxe7+ Kxe7 17. Nb6 Rb8 18. Nxc8+ Rhxc8 19. g4 Nh6 20. h3 Rb6 21. Ra2 f6 22. Rfa1 Ra8 23. b4 Nf7 24. exf6+ gxf6 25. b5 Rxb5 26. Rxa6 Rxa6 27. Rxa6 Nd6 28. Kg2 Rb7 29. g5 fxg5 30. Nxg5 h6 31. Nf3 Rc7 32. Nd4 e5 33. Rxd6 Kxd6 34. Nb5+ Kd7 35. Nxc7 Kxc7 36. Kf3 Kd6 37. Kg4 Ke6 38. h4 Kf6 39. Kg3 Kf5 40. Kf3 d4 41. Ke2 Kf4 42. Kd3 Kf3 43. h5 Kf4 44. c3 dxc3 45. Kxc3 Kf3 46. Kd3 Kxf2 47. Ke4 Kg3 48. Kxe5 Kg4 49. Kf6 Kxh5 50. Kf5 Kh4 51. Kf4 Kh3 52. Kf3 h5 53. Kf2 Kh2 54. Kf1 h4 55. Kf2 h3 56. Kf1 Kg3 57. Kg1 h2+ 58. Kh1 Kh3 1/2-1/2

[Event "Hastings Masters op 98th"]
[Site "Hastings"]
[Date "2024.12.30"]
[Round "4"]
[White "Ruane, Brendan J"]
[Black "Han, Yongsu"]
[Result "1-0"]
[WhiteElo "1869"]
[BlackElo "1718"]
[PlyCount "69"]
[EventDate "2024.12.28"]
[EventType "swiss"]
[EventRounds "9"]
[EventCountry "ENG"]
[SourceTitle "CB02_2025"]
[SourceDate "2025.01.08"]
[SourceVersion "1"]
[SourceVersionDate "2025.01.08"]
[SourceQuality "1"]

1. Nc3 e5 2. e4 Nf6 3. Nf3 Bb4 4. Bc4 0-0 5. 0-0 Bxc3 6. dxc3 Nxe4 7. Nxe5 c6 8. Qh5 d5 9. Bd3 Nd7 10. Nxd7 Bxd7 11. Be3 Re8 12. f3 Nf6 13. Qg5 h6 14. Qf4 Nh5 15. Qd4 b6 16. Rfe1 Qc7 17. Qh4 g6 18. Bxh6 Rxe1+ 19. Rxe1 Qd8 20. Bg5 Qf8 21. c4 dxc4 22. Qxc4 Re8 23. Rxe8 Qxe8 24. Bd2 Qe6 25. Qxe6 Bxe6 26. b3 Kf8 27. Kf2 Ke7 28. g4 Nf6 29. Bg5 b5 30. Ke3 Bd5 31. c4 bxc4 32. bxc4 Be6 33. Kf4 Kd6 34. Bxf6 Kc5 35. h4 1-0

[Event "Hastings Masters op 98th"]
[Site "Hastings"]
[Date "2024.12.28"]
[Round "1"]
[White "Rayner, Francis"]
[Black "Ruane, Brendan J"]
[Result "1/2-1/2"]
[WhiteElo "2013"]
[BlackElo "1869"]
[PlyCount "71"]
[EventDate "2024.12.28"]
[EventType "swiss"]
[EventRounds "9"]
[EventCountry "ENG"]
[SourceTitle "CB02_2025"]
[SourceDate "2025.01.08"]
[SourceVersion "1"]
[SourceVersionDate "2025.01.08"]
[SourceQuality "1"]

1. Nf3 Nc6 2. d4 d6 3. d5 Ne5 4. Nxe5 dxe5 5. e4 Nf6 6. Nc3 e6 7. Bb5+ Bd7 8. dxe6 fxe6 9. Bc4 Bc5 10. 0-0 0-0 11. Qe2 Qe8 12. Be3 Bd4 13. Bxd4 exd4 14. Nb5 Bxb5 15. Bxb5 Qg6 16. Bc4 Kh8 17. e5 Nh5 18. Bd3 Nf4 19. Qf3 Nxd3 20. Qxd3 Qxd3 21. cxd3 Rf5 22. Rac1 c6 23. Rfe1 Raf8 24. f3 g5 25. Re4 Rf4 26. Rc4 Rd8 27. Kf2 Rd5 28. b4 a5 29. a3 axb4 30. axb4 Rxe4 31. fxe4 Rxe5 32. Rxd4 Rb5 33. Rc4 Kg7 34. Ke3 Kf6 35. g4 e5 36. h3 1/2-1/2

[Event "Hastings Masters op"]
[Site "Hastings"]
[Date "2023.01.02"]
[Round "6"]
[White "Ruane, Brendan J"]
[Black "Chan, Sheng Liang Bernard"]
[Result "1-0"]
[WhiteElo "1804"]
[BlackElo "1986"]
[PlyCount "121"]
[EventDate "2022.12.28"]
[EventType "swiss"]
[EventRounds "10"]
[EventCountry "ENG"]
[SourceTitle "CBM 212 Extra"]
[Source "ChessBase"]
[SourceDate "2023.03.31"]
[SourceVersion "1"]
[SourceVersionDate "2023.03.31"]
[SourceQuality "1"]

1. e4 c5 2. Be2 Nc6 3. d3 g6 4. f4 Bg7 5. Nf3 e6 6. 0-0 Nge7 7. Qe1 d5 8. e5 0-0 9. c4 f6 10. Bd1 fxe5 11. Nxe5 dxc4 12. Nxc6 Nxc6 13. dxc4 Qd4+ 14. Kh1 Nb4 15. Nc3 Qxc4 16. Be3 Nd3 17. Bb3 Qb4 18. Qe2 c4 19. Bc2 Qxb2 20. Bxd3 Bxc3 21. Bc2 Bd7 22. Rab1 Qxa2 23. Rxb7 Ba4 24. Rc1 Bb3 25. Bd2 Bg7 26. Bxb3 cxb3 27. Qxe6+ Kh8 28. Rxg7 Rac8 29. Qe5 Rxc1+ 30. Bxc1 Rf5 31. Qb2 Qxb2 32. Bxb2 h5 33. Rxa7+ Kg8 34. Rg7+ Kf8 35. Rxg6 Rxf4 36. Kg1 Re4 37. Kf2 Rc4 38. Re6 Kf7 39. Re3 Rb4 40. Ke2 Kg6 41. Kd2 Kf5 42. Kc3 Rb8 43. Kc4 Rg8 44. g3 h4 45. Re5+ Kg6 46. gxh4 Rf8 47. Rg5+ Kh7 48. Kxb3 Rf3+ 49. Kc4 Rh3 50. Rg4 Rxh2 51. Bf6 Kh6 52. Kd5 Kh5 53. Rg1 Re2 54. Rg5+ Kh6 55. Re5 Ra2 56. Ke6 Kg6 57. Rg5+ Kh6 58. Kf7 Ra7+ 59. Be7 Rb7 60. Re5 Ra7 61. Kg8 1-0

[Event "Hastings Masters op 95th"]
[Site "Hastings"]
[Date "2020.01.05"]
[Round "9"]
[White "Sugden, John N"]
[Black "Ruane, Brendan J"]
[Result "1/2-1/2"]
[WhiteElo "2065"]
[BlackElo "1882"]
[PlyCount "74"]
[EventDate "2019.12.28"]
[EventType "swiss"]
[EventRounds "9"]
[EventCountry "ENG"]
[SourceTitle "CBM 194 Extra"]
[Source "ChessBase"]
[SourceDate "2020.03.31"]
[SourceVersion "1"]
[SourceVersionDate "2020.03.31"]
[SourceQuality "1"]

1. d4 b6 2. e4 Bb7 3. Nc3 e6 4. Bd3 g6 5. Be3 Bg7 6. Qd2 h6 7. Nge2 d6 8. h4 h5 9. f3 a6 10. 0-0-0 Nd7 11. d5 e5 12. Bg5 f6 13. Be3 Bh6 14. g4 Bxe3 15. Qxe3 hxg4 16. fxg4 Qe7 17. Ng3 0-0-0 18. h5 g5 19. Be2 Nh6 20. Nb1 Rdf8 21. c4 Kd8 22. b4 Ke8 23. Nd2 Kf7 24. Nb3 Rb8 25. Rd2 Kg7 26. Rhd1 Bc8 27. Rg1 Kh7 28. Nf1 Rg8 29. Qc3 Rd8 30. Ne3 Bb7 31. Rc2 c5 32. bxc5 Nxc5 33. Nxc5 bxc5 34. Qa5 Bc8 35. Rd1 Rd7 36. Rdd2 Rdb7 37. Rb2 Qd8 1/2-1/2

[Event "GBR-ch Major 106th"]
[Site "Torquay"]
[Date "2019.07.31"]
[Round "5"]
[White "Ruane, Brendan J"]
[Black "Merriman, James"]
[Result "0-1"]
[WhiteElo "1904"]
[BlackElo "1808"]
[PlyCount "46"]
[EventDate "2019.07.27"]
[EventType "swiss"]
[EventRounds "9"]
[EventCountry "ENG"]
[SourceTitle "EXT 2020"]
[Source "ChessBase"]
[SourceDate "2019.10.17"]
[SourceVersion "1"]
[SourceVersionDate "2019.10.17"]
[SourceQuality "1"]

1. e4 e6 2. d3 d5 3. Nd2 Nf6 4. Ngf3 Nc6 5. g3 dxe4 6. dxe4 e5 7. Bg2 Bc5 8. 0-0 0-0 9. c3 a5 10. Qc2 b6 11. Nb3 Bd6 12. h3 Ba6 13. Rd1 a4 14. Nbd2 Qe7 15. Bf1 Bb7 16. Bb5 Nd8 17. Nh4 g6 18. Re1 Ne6 19. Bf1 Nc5 20. f3 Nh5 21. Kh2 Qg5 22. Ng2 Qxg3+ 23. Kg1 Nf4 0-1

[Event "GBR-ch Major 106th"]
[Site "Torquay"]
[Date "2019.07.30"]
[Round "4"]
[White "Miller, Dominic"]
[Black "Ruane, Brendan J"]
[Result "1-0"]
[WhiteElo "2140"]
[BlackElo "1904"]
[PlyCount "45"]
[EventDate "2019.07.27"]
[EventType "swiss"]
[EventRounds "9"]
[EventCountry "ENG"]
[SourceTitle "EXT 2020"]
[Source "ChessBase"]
[SourceDate "2019.10.17"]
[SourceVersion "1"]
[SourceVersionDate "2019.10.17"]
[SourceQuality "1"]

1. c4 b6 2. Nc3 e6 3. e4 Bb7 4. Nf3 g6 5. d4 Bg7 6. Bd3 d6 7. 0-0 Nd7 8. Be3 Ne7 9. Rc1 a6 10. b4 h6 11. d5 c5 12. bxc5 Nxc5 13. Na4 Bc8 14. Rb1 Nxa4 15. Qxa4+ Bd7 16. Qb4 Nc8 17. Bxb6 Nxb6 18. Qxb6 Qe7 19. e5 dxe5 20. d6 Qd8 21. c5 Qc8 22. Be4 Bb5 23. Rxb5 1-0

[Event "Hastings Masters op 94th"]
[Site "Hastings"]
[Date "2019.01.05"]
[Round "9"]
[White "Ruane, Brendan J"]
[Black "Barton, R Alan"]
[Result "1-0"]
[WhiteElo "1874"]
[BlackElo "1991"]
[PlyCount "121"]
[EventDate "2018.12.28"]
[EventType "swiss"]
[EventRounds "10"]
[EventCountry "ENG"]
[SourceTitle "CBM 188 Extra"]
[Source "ChessBase"]
[SourceDate "2019.02.28"]
[SourceVersion "1"]
[SourceVersionDate "2019.02.28"]
[SourceQuality "1"]

1. d3 d5 2. Nf3 Nf6 3. Nbd2 Bg4 4. c3 c6 5. a4 a5 6. e4 e6 7. Be2 Nbd7 8. e5 Ng8 9. d4 Ne7 10. 0-0 Ng6 11. h3 Bxf3 12. Nxf3 Be7 13. Bd3 0-0 14. Qe2 Re8 15. Bd2 Ndf8 16. Rae1 f5 17. g3 h6 18. Nh2 Nh8 19. f4 Nf7 20. Kh1 g6 21. Rg1 Kh8 22. Rg2 Qb6 23. Be3 Nh7 24. g4 Rg8 25. Nf3 Raf8 26. Reg1 Qd8 27. Qc2 b6 28. Qf2 Qe8 29. b3 Qd8 30. h4 h5 31. gxh5 gxh5 32. Ng5 Nhxg5 33. hxg5 Kg7 34. Rh2 Rh8 35. Rg3 Qe8 36. Rgh3 Nd8 37. Be2 h4 38. Rxh4 Rxh4 39. Qxh4 Rh8 40. Qxh8+ Qxh8 41. Rxh8 Kxh8 42. Kh2 Kg7 43. Bh5 Kf8 44. Kh3 c5 45. Kh4 Nc6 46. Be2 cxd4 47. cxd4 Nb4 48. Kh5 Kg7 49. Bb5 Nc2 50. Bf2 Bb4 51. Bd7 Bc3 52. Bxe6 Bxd4 53. Bxd4 Nxd4 54. Bc8 Ne2 55. Bxf5 Nxf4+ 56. Kg4 Ne2 57. Bd7 Nd4 58. e6 Kf8 59. g6 Nxb3 60. g7+ Kxg7 61. e7 1-0

[Event "Hastings Masters op 94th"]
[Site "Hastings"]
[Date "2019.01.01"]
[Round "5"]
[White "Sugden, John N"]
[Black "Ruane, Brendan J"]
[Result "1-0"]
[WhiteElo "2072"]
[BlackElo "1874"]
[PlyCount "83"]
[EventDate "2018.12.28"]
[EventType "swiss"]
[EventRounds "10"]
[EventCountry "ENG"]
[SourceTitle "CBM 188 Extra"]
[Source "ChessBase"]
[SourceDate "2019.02.28"]
[SourceVersion "1"]
[SourceVersionDate "2019.02.28"]
[SourceQuality "1"]

1. d4 d5 2. c4 e6 3. Nc3 a6 4. cxd5 exd5 5. Bf4 Nf6 6. e3 Bd6 7. Bxd6 Qxd6 8. Bd3 0-0 9. Nf3 Be6 10. Qc2 h6 11. 0-0 Nbd7 12. Rac1 Rfc8 13. Na4 b6 14. Qe2 Bg4 15. b3 Ne4 16. Qc2 Bxf3 17. gxf3 Ng5 18. f4 Nh3+ 19. Kg2 Nxf4+ 20. exf4 Qxf4 21. Bf5 Rd8 22. Bxd7 Rxd7 23. Qd3 Rd6 24. Nc3 Re8 25. Ne2 Qg4+ 26. Ng3 Rde6 27. Rxc7 Rg6 28. Qf3 Qe6 29. Qe3 Qxe3 30. fxe3 Rxe3 31. Rcxf7 h5 32. R7f4 Rh6 33. R1f3 Re1 34. Kf2 Rc1 35. Re3 h4 36. Nf5 Rh5 37. Re5 g5 38. Ne7+ Kg7 39. Rff5 Rc2+ 40. Re2 Rc3 41. Nxd5 Rd3 42. Re7+ 1-0

[Event "London CSC Weekend U2050 op 10th"]
[Site "London"]
[Date "2018.12.15"]
[Round "3"]
[White "Ruane, Brendan J"]
[Black "Gray, Edward"]
[Result "1/2-1/2"]
[WhiteElo "1870"]
[BlackElo "1593"]
[PlyCount "64"]
[EventDate "2018.12.14"]
[EventType "swiss"]
[EventRounds "5"]
[EventCountry "ENG"]
[SourceTitle "EXT 2020"]
[Source "ChessBase"]
[SourceDate "2019.10.17"]
[SourceVersion "1"]
[SourceVersionDate "2019.10.17"]
[SourceQuality "1"]

1. e4 c5 2. Nf3 d6 3. g3 Nf6 4. d3 g6 5. Bg2 Bg7 6. c3 0-0 7. 0-0 Nc6 8. Re1 Bg4 9. h3 Bxf3 10. Qxf3 Ne5 11. Qe2 Qc7 12. Na3 Rac8 13. f4 Nc6 14. g4 e6 15. Be3 Rfe8 16. Kh1 a6 17. Nc2 b6 18. Bf3 Nd7 19. Rac1 Ne7 20. Qg2 f5 21. exf5 exf5 22. Bf2 Kh8 23. Re2 Nf6 24. g5 Nh5 25. Bxh5 gxh5 26. Rce1 Qd7 27. Ne3 Ng6 28. Nd5 Rxe2 29. Rxe2 Re8 30. Qf3 Rxe2 31. Qxe2 Qc6 32. c4 Nxf4 1/2-1/2

[Event "London CSC Weekend U2050 op 10th"]
[Site "London"]
[Date "2018.12.14"]
[Round "1"]
[White "Ruane, Brendan J"]
[Black "MacNeil, Elliott"]
[Result "1-0"]
[WhiteElo "1870"]
[BlackElo "1673"]
[PlyCount "89"]
[EventDate "2018.12.14"]
[EventType "swiss"]
[EventRounds "5"]
[EventCountry "ENG"]
[SourceTitle "EXT 2020"]
[Source "ChessBase"]
[SourceDate "2019.10.17"]
[SourceVersion "1"]
[SourceVersionDate "2019.10.17"]
[SourceQuality "1"]

1. e4 Nf6 2. d3 Nc6 3. Nf3 d6 4. c3 Bg4 5. h3 Bh5 6. Nbd2 e5 7. b4 b5 8. d4 a6 9. d5 Na7 10. Bd3 c6 11. dxc6 Nxc6 12. a4 Rb8 13. g4 Bg6 14. Qe2 Qb6 15. Nf1 d5 16. exd5 Bxd3 17. Qxd3 e4 18. Qe2 Ne7 19. Ng5 Nexd5 20. Nxe4 Be7 21. Nfg3 0-0 22. 0-0 Rfe8 23. Qf3 Nxe4 24. Nxe4 Nf6 25. Be3 Qe6 26. Nc5 Bxc5 27. Bxc5 Qc4 28. axb5 axb5 29. Rfd1 h6 30. Rd4 Qe6 31. Bd6 Rb6 32. Rad1 Rc8 33. Bc5 Rbc6 34. Kg2 Re8 35. R1d3 Qc8 36. Qd1 Qb7 37. Qf3 Qc8 38. Rd6 Rxd6 39. Rxd6 Ne4 40. Rd5 Qb7 41. Rd1 Nxc5 42. bxc5 Qc7 43. Qd5 Rc8 44. Qf5 Qxc5 45. Rd8+ 1-0

[Event "GBR-ch Major 105th"]
[Site "Hull"]
[Date "2018.08.01"]
[Round "5"]
[White "Vleeshhouwer, Douglas"]
[Black "Ruane, Brendan J"]
[Result "1-0"]
[WhiteElo "1946"]
[BlackElo "1868"]
[PlyCount "54"]
[EventDate "2018.07.28"]
[EventType "swiss"]
[EventRounds "9"]
[EventCountry "ENG"]
[SourceTitle "CBM 185 Extra"]
[Source "ChessBase"]
[SourceDate "2018.07.29"]
[SourceVersion "1"]
[SourceVersionDate "2018.07.29"]
[SourceQuality "1"]

1. e4 e5 2. Nf3 Nc6 3. Bb5 Nge7 4. 0-0 g6 5. d4 exd4 6. Nxd4 Bg7 7. c3 0-0 8. Bg5 h6 9. Bh4 g5 10. Bg3 Nxd4 11. cxd4 c5 12. Be5 Bxe5 13. dxe5 Ng6 14. Qd6 Re8 15. Bc4 Kg7 16. Qxc5 Rxe5 17. Qd4 Qf6 18. Nc3 Ne7 19. f4 gxf4 20. Rf3 d5 21. Nxd5 Nxd5 22. Bxd5 Bg4 23. Rc3 Re7 24. Qd2 Rd8 25. Rd3 Qg5 26. Rf1 f5 27. Qxf4 Be2 1-0

[Event "Hastings Masters op 93rd"]
[Site "Hastings"]
[Date "2018.01.05"]
[Round "9"]
[White "Ruane, Brendan J"]
[Black "Coote, Trevor D"]
[Result "0-1"]
[WhiteElo "1838"]
[BlackElo "2104"]
[PlyCount "82"]
[EventDate "2017.12.28"]
[EventType "swiss"]
[EventRounds "9"]
[EventCountry "ENG"]
[SourceTitle "CBM 182 Extra"]
[Source "ChessBase"]
[SourceDate "2018.02.23"]
[SourceVersion "1"]
[SourceVersionDate "2018.02.23"]
[SourceQuality "1"]

1. e4 g6 2. d4 Bg7 3. Nf3 d6 4. h3 Nf6 5. Nc3 0-0 6. Be3 a6 7. Be2 b5 8. Nd2 Bb7 9. Bf3 Nbd7 10. a4 b4 11. Na2 c5 12. d5 Ne8 13. c3 a5 14. Rb1 Ne5 15. Be2 f5 16. f4 Nd7 17. 0-0 Nef6 18. exf5 Nxd5 19. Bc4 gxf5 20. Qf3 N7b6 21. Bb3 Kh8 22. Bf2 Qd7 23. Qg3 Bh6 24. Qh4 Bxf4 25. c4 Bxd2 26. cxd5 Rf6 27. Rbd1 Bh6 28. Nc1 Rg6 29. Rfe1 Bg5 30. Qh5 Rag8 31. Ne2 e5 32. dxe6 Qe7 33. Ng3 Bh4 34. Bxc5 dxc5 35. Bd5 Nxd5 36. Nxf5 Rxg2+ 37. Kh1 Qg5 38. Qxg5 R2xg5 39. Nd6 Bxe1 40. Rxe1 Nf4+ 41. Nxb7 Rg3 0-1

[Event "Hastings Masters op 93rd"]
[Site "Hastings"]
[Date "2018.01.03"]
[Round "7"]
[White "Ruane, Brendan J"]
[Black "Hewson, Brian Wr"]
[Result "0-1"]
[WhiteElo "1838"]
[BlackElo "2007"]
[PlyCount "70"]
[EventDate "2017.12.28"]
[EventType "swiss"]
[EventRounds "9"]
[EventCountry "ENG"]
[SourceTitle "CBM 182 Extra"]
[Source "ChessBase"]
[SourceDate "2018.02.23"]
[SourceVersion "1"]
[SourceVersionDate "2018.02.23"]
[SourceQuality "1"]

1. b3 e5 2. Bb2 d6 3. e3 Nf6 4. c4 g6 5. Nc3 Bg7 6. d3 Nc6 7. a3 a5 8. Qc2 Bf5 9. g3 0-0 10. Bg2 Qc8 11. Nd5 Nxd5 12. cxd5 Ne7 13. Rc1 c6 14. Qb1 Ra6 15. Bf1 Rb6 16. e4 Bd7 17. Bc3 Qa8 18. Bg2 Qa6 19. dxc6 bxc6 20. Nf3 Rfb8 21. 0-0 Rxb3 22. Qc2 Bh6 23. Ra1 Be6 24. d4 Qc4 25. Rab1 Rxb1 26. Rxb1 Rxb1+ 27. Qxb1 Qxc3 28. Qb8+ Nc8 29. h4 exd4 30. e5 Bf8 31. Ng5 Qe1+ 32. Kh2 Qxe5 33. f4 Qe2 34. Qc7 Bd5 35. Qxf7+ Bxf7 0-1

[Event "Doncaster 4NCL op-B 15th"]
[Site "Doncaster"]
[Date "2017.09.09"]
[Round "2"]
[White "Quinn, Gerhard"]
[Black "Ruane, Brendan J"]
[Result "0-1"]
[WhiteElo "1563"]
[BlackElo "1857"]
[PlyCount "86"]
[EventDate "2017.09.08"]
[EventType "swiss"]
[EventRounds "5"]
[EventCountry "ENG"]
[SourceTitle "CBM 180 Extra"]
[Source "ChessBase"]
[SourceDate "2017.10.06"]
[SourceVersion "1"]
[SourceVersionDate "2017.10.06"]
[SourceQuality "1"]

1. d4 Nf6 2. Nf3 g6 3. e3 Bg7 4. Be2 0-0 5. 0-0 d6 6. c4 b6 7. Nc3 c5 8. d5 Na6 9. a3 Nc7 10. h3 Rb8 11. Rb1 Re8 12. Bd2 Bf5 13. Ra1 b5 14. cxb5 Ncxd5 15. Ne1 Nc7 16. a4 e5 17. Bg4 Nxg4 18. hxg4 Be6 19. b3 Qc8 20. g5 a6 21. Ne4 Qd8 22. Qf3 Bf5 23. Ba5 Bxe4 24. Qxe4 axb5 25. Qc6 Rc8 26. axb5 Qe7 27. Rd1 Bf8 28. b6 Ne6 29. Qd5 Qxg5 30. Nc2 c4 31. bxc4 Rc5 32. Qd2 Rxc4 33. Na3 Ra4 34. Nb5 e4 35. Nc7 Nxc7 36. bxc7 Qxa5 37. Qxa5 Rxa5 38. Rb1 Raa8 39. Rb7 Rac8 40. Rfb1 d5 41. Rb8 Bd6 42. Rxc8 Rxc8 43. Rb8 Rxb8 0-1